000 00566nam a22001937a 4500
003 OSt
005 20160223142732.0
008 160223b xxu||||| |||| 00| 0 eng d
020 _a9781405336901
040 _cDDC.
082 _a384 ORO 2009.
100 _aOraurke,James S.
_96826
245 _aEffective Communication.
_bListening,Presenting,Briefing Body Language ,Feedback.
260 _aNew York ;
_bDK Essential Managers.
_c2009.
300 _a72p;
_bcol,ill;
_c15cm
504 _aincludes index.
650 _aCommunication Skills.
_92197
942 _2ddc
_cSLOAN
999 _c3071
_d3071